Guess the Movie Title in French - Statistics

General Stats
  • This quiz has been taken 46 times
  • The average score is 3 of 11
Answer Stats
Title in French Title in English % Correct
Orgueil & Préjugés (2005) Pride and Prejudice
91%
Danse lascive (1987) Dirty Dancing
57%
Histoire de Jouets 3 (2010) Toy Story 3
49%
Spider-Man: Seul contre tous (2023) Spider-Man: Across the Spiderverse
23%
Drôle de Frimousse (1957) Funny Face
14%
FBI Fausses Blondes Infiltrées (2004) White Chicks
14%
Frissons (1996) Scream
11%
La mort aux trusses (1959) North by Northwest
9%
Assurance sur la mort (1944) Double Indemnity
6%
New York-Miami (1934) It Happened One Night
6%
Série noire au campus (1989) Heathers
3%
No matching quizzes found
Score Distribution
Percent of People with Each Score
Percentile by Number Answered
Your Score History
You have not taken this quiz